| 000 | 00470nam a22001697a 4500 | ||
|---|---|---|---|
| 005 | 20251108171820.0 | ||
| 008 | 250721s9999 xx 000 0 ara d | ||
| 082 | 1 | 4 | _aط/599/نمر |
| 245 | 1 | 0 | _aالنمر / |
| 264 | 1 |
_aبيروت : _bدار المسيرة، _c[19-]. |
|
| 300 | _a22ص : مص | ||
| 490 | 0 | _aالمستكشف الصغير : عالم البراري | |
| 650 | 1 | 7 | _aالنمور |
| 650 | 1 | 7 | _aالحيوانات |
| 942 |
_2ddc _cBK |
||
| 999 |
_c63318 _d63318 |
||